Sports Quiz

Random Sports or NBA Quiz

Best 3 nba players by franchise Quiz Stats

 Plays Quiz not verified by Sporcle

Score 0/90 Timer 10:00
0 Plays Today
Player Team % Correct
Oklahoma City ThunderKevin Durant
99.2%
Miami HeatLeBron James
98.4%
Cleveland CavaliersLeBron James
98.4%
Chicago BullsMichael Jordan
98.4%
Miami HeatShaquille O'Neal
97.6%
Los Angeles LakersShaquille O'Neal
97.6%
Golden State WarriorsStephen Curry
97.6%
Chicago BullsScottie Pippen
97.6%
Orlando MagicShaquille O'Neal
97.6%
Dallas MavericksDirk Nowitzki
97.6%
Boston CelticsBill Russell
96.7%
New Orleans PelicansChris Paul
96.7%
Oklahoma City ThunderRussell Westbrook
96.7%
Los Angeles ClippersChris Paul
96.7%
Indiana PacersJermaine O'Neal
96.7%
Charlotte HornetsLarry Johnson
95.9%
Los Angeles LakersMagic Johnson
95.9%
Los Angeles LakersKobe Bryant
95.9%
New Orleans PelicansAnthony Davis
95.9%
San Antonio SpursTim Duncan
95.9%
Los Angeles ClippersBlake Griffin
95.9%
Boston CelticsLarry Bird
95.1%
Memphis GrizzliesMarc Gasol
95.1%
Memphis GrizzliesPau Gasol
95.1%
Miami HeatDwyane Wade
94.3%
Dallas MavericksSteve Nash
94.3%
Phoenix SunsSteve Nash
94.3%
Utah JazzKarl Malone
94.3%
Golden State WarriorsWilt Chamberlain
93.5%
Philadelphia 76ersWilt Chamberlain
93.5%
Player Team % Correct
Utah JazzJohn Stockton
93.5%
Toronto RaptorsVince Carter
92.7%
San Antonio SpursTony Parker
92.7%
Brooklyn NetsVince Carter
92.7%
Washington WizardsJohn Wall
91.9%
New York KnicksPatrick Ewing
91.9%
Detroit PistonsIsiah Thomas
91.9%
Minnesota TimberwolvesKevin Garnett
91.1%
Atlanta HawksDominique Wilkins
90.2%
Chicago BullsDennis Rodman
90.2%
San Antonio SpursDavid Robinson
90.2%
Milwaukee BucksKareem Abdul-Jabbar
90.2%
Brooklyn NetsJason Kidd
90.2%
Dallas MavericksJason Kidd
90.2%
Philadelphia 76ersAllen Iverson
89.4%
Houston RocketsHakeem Olajuwon
88.6%
Indiana PacersReggie Miller
88.6%
Philadelphia 76ersJulius Erving
87.8%
Brooklyn NetsJulius Erving
87.8%
Boston CelticsPaul Pierce
87%
Cleveland CavaliersKyrie Irving
86.2%
Toronto RaptorsChris Bosh
86.2%
Toronto RaptorsDeMar DeRozan
86.2%
Milwaukee BucksOscar Robertson
86.2%
Sacramento KingsOscar Robertson
86.2%
Orlando MagicDwight Howard
84.6%
Orlando MagicTracy McGrady
83.7%
Houston RocketsTracy McGrady
83.7%
Oklahoma City ThunderGary Payton
82.9%
Minnesota TimberwolvesKevin Love
82.9%
Player Team % Correct
Charlotte HornetsKemba Walker
80.5%
Portland TrailblazersClyde Drexler
80.5%
Indiana PacersPaul George
79.7%
Phoenix SunsCharles Barkley
78%
Sacramento KingsChris Webber
74%
Detroit PistonsJoe Dumars
74%
Houston RocketsYao Ming
73.2%
Phoenix SunsAmar'e Stoudemire
73.2%
Charlotte HornetsAlonzo Mourning
72.4%
New Orleans PelicansAlonzo Mourning
72.4%
Denver NuggetsAlex English
72.4%
Atlanta HawksBob Pettit
69.1%
Cleveland CavaliersMark Price
69.1%
Memphis GrizzliesZach Randolph
68.3%
Golden State WarriorsRick Barry
66.7%
New York KnicksWalt Frazier
66.7%
Portland TrailblazersBill Walton
65.9%
Washington WizardsWes Unseld
65.9%
Denver NuggetsDavid Thompson
63.4%
New York KnicksWillis Reed
62.6%
Denver NuggetsDikembe Mutombo
61.8%
Washington WizardsElvin Hayes
57.7%
Atlanta HawksPete Maravich
55.3%
Los Angeles ClippersBob McAdoo
55.3%
Utah JazzPete Maravich
55.3%
Detroit PistonsGrant Hill
39%
Milwaukee BucksSidney Moncrief
38.2%
Sacramento KingsMitch Richmond
35.8%
Portland TrailblazersTerry Porter
31.7%
Minnesota TimberwolvesStephon Marbury
28.5%

You're not logged in!

Compare scores with friends on all Sporcle quizzes.
OR
Log In

Sporcle TV

Today on Sporcle TV


Watch our educational content, quiz creation guides, and fun videos on Sporcle TV.

Show Comments

Extras

Created Nov 1, 2017ReportNominate
Tags:NBA Quiz, franchise, player, team

Top Quizzes Today


Score Distribution

Your Account Isn't Verified!

In order to create a playlist on Sporcle, you need to verify the email address you used during registration. Go to your Sporcle Settings to finish the process.

Report this User

Report this user for behavior that violates our Community Guidelines.

Details: